| 000 | 00860aam a2200313 i 4500 | ||
|---|---|---|---|
| 001 | 768714001 | ||
| 003 | CO-MdFUSB | ||
| 005 | 20250507112931.0 | ||
| 007 | ta | ||
| 008 | 250507t1982 |- ||||| |||| 00| 0 eng d | ||
| 020 | _a0-89922-175-0 | ||
| 040 | _cCO-MdFUSB | ||
| 041 | 0 | _aspa | |
| 082 | 0 | 4 |
_223 _a241.5 _bS637s |
| 100 | 1 |
_aSmedes, Lewis B. _eautor |
|
| 240 | _aSex for christians | ||
| 245 | 1 | 0 |
_aSexología para cristianos _c/ Lewis Smedes ; traducido por Jorge Sánchez |
| 264 | 1 |
_bCaribe, _aMiami, FL., USA : _c[1982] |
|
| 264 | 4 | _c©1982 | |
| 300 | _a282 páginas | ||
| 336 |
_atexto _btxt _2rdacontent |
||
| 337 |
_2rdamedia _asin mediación _bn |
||
| 338 |
_2rdacarrier _avolumen _bnc |
||
| 563 | _aRústico | ||
| 653 | _aÉtica sexual | ||
| 700 |
_aSánchez, Jorge, _911341 _etraductor |
||
| 942 | _cBK | ||
| 945 | _aJTF-925 | ||
| 999 |
_c35407 _d35407 |
||